000 00875nam a22002297i 4500
999 _c23553
_d23553
003 AR-CdUCM
008 260330b20242024 pe||||| |||| 00| 0 spa d
020 _a978-84-18246-54-8
040 _aMUNICIPALIDAD PROVINCIAL DEL CUSCO
_cBIBLIOTECA MUNICIPAL DEL CUSCO
041 _hspa
082 _aEP / 101.01
_bB12
100 _aBaccalario, Perdomenico
_952393
245 _a¿De qué esta hecho el mundo? :
_bEnciclopedia juvenil para mentes curiosas /
260 _aBarcelona-España :
_bBOLDLETTERS S. L.
_c2024
300 _a139 páginas. :
_c21x14 cm.
505 _a¿De que estoy hecho? -- ¿Cómo de miden las cosas' -- ¿Qué significa natural? -- ¿´Para que sirve la química?
650 _aPara que sirve la física
_952394
650 _aPara que sirve la química
_952395
856 _fwww.bold-letters.com
942 _2ddc
_cLIBROS
945 _apbjr
_d30-01-2024